[Event "SERBIA CHESS OPEN 2021 - MASTERS"]
[Site "Belgrade, Hotel Metropol"]
[Date "2021.07.03"]
[Round "2.28"]
[White "Nenezic, Marko"]
[Black "Pranav, V."]
[Result "0-1"]
[WhiteElo "2531"]
[BlackElo "2366"]
[PlyCount "124"]
[EventDate "2021.??.??"]

1. Nf3 Nf6 2. c4 e6 3. Nc3 Bb4 4. Qc2 O-O 5. a3 Bxc3 6. Qxc3 b6 7. b4 d6 8. Bb2
a5 9. e3 Bb7 10. Be2 Nbd7 11. O-O c5 12. b5 Rc8 13. d3 e5 14. Rae1 Re8 15. e4
Nf8 16. Ng5 Ng6 17. Nh3 Rc7 18. f4 exf4 19. Nxf4 Ne5 20. Bd1 Nfd7 21. Re3 Nf8
22. Rg3 Nfg6 23. Nh5 Bc8 24. Re3 Rf8 25. g4 f6 26. h3 Nf7 27. Qe1 Ng5 28. Qg3
Ne6 29. Ref3 Rcf7 30. R3f2 Qe7 31. Qe3 Ne5 32. Ng3 g6 33. Ne2 Ng7 34. Nf4 Bb7
35. Qg3 Ne6 36. Ng2 Ng5 37. Bc1 Ne6 38. Bh6 Re8 39. h4 Nd4 40. a4 Kh8 41. Bc1
Ref8 42. Bb2 Kg8 43. Bxd4 cxd4 44. Bb3 Qe6 45. Nf4 Qxg4 46. Rg2 Qxg3 47. Rxg3
f5 48. Ne6 fxe4 49. Nxf8 Rxf1+ 50. Kxf1 Kxf8 51. dxe4 Bxe4 52. Ke2 Ke7 53. Rg1
Bf5 54. Rg3 Kf6 55. Kd2 Be4 56. Bc2 Nxc4+ 57. Kc1 d5 58. Bb3 Kf5 59. Rg1 Kf4
60. Rf1+ Ke3 61. Re1+ Kd3 62. Ba2 Bf5 0-1

[Event "SERBIA CHESS OPEN 2021 - MASTERS"]
[Site "Belgrade, Hotel Metropol"]
[Date "2021.07.03"]
[Round "2.29"]
[White "Grieve, Harry"]
[Black "Bogosavljevic, Boban"]
[Result "0-1"]
[WhiteElo "2351"]
[BlackElo "2527"]
[PlyCount "74"]
[EventDate "2021.??.??"]

1. e4 c5 2. Nc3 d6 3. d4 cxd4 4. Qxd4 a6 5. b3 Nc6 6. Qd2 g6 7. Bb2 Bh6 8. f4
Nf6 9. O-O-O O-O 10. Kb1 b5 11. h3 Bg7 12. Qe1 Bb7 13. Nd5 Rc8 14. Nf3 Re8 15.
g4 Qa5 16. Nxf6+ Bxf6 17. Qxa5 Nxa5 18. Bd3 Bxb2 19. Kxb2 e5 20. fxe5 dxe5 21.
g5 Rb8 22. Nh2 Bc8 23. Nf1 Be6 24. Ne3 Rbd8 25. h4 Nb7 26. Be2 Nc5 27. Bg4 Rd4
28. Bxe6 Rxe6 29. Ng4 Nxe4 30. c3 Rxd1 31. Rxd1 f5 32. Nh6+ Kf8 33. Rd7 Ng3 34.
Kc2 e4 35. Kd2 e3+ 36. Ke1 Re4 37. Rxh7 Rf4 0-1

[Event "SERBIA CHESS OPEN 2021 - MASTERS"]
[Site "Belgrade, Hotel Metropol"]
[Date "2021.07.03"]
[Round "2.30"]
[White "Sedlak, Nikola"]
[Black "Baglan, Esat"]
[Result "0-1"]
[WhiteElo "2519"]
[BlackElo "2359"]
[PlyCount "86"]
[EventDate "2021.??.??"]

1. d4 Nf6 2. c4 c6 3. Nf3 d5 4. e3 e6 5. Nbd2 c5 6. cxd5 exd5 7. Bb5+ Bd7 8.
Bxd7+ Nbxd7 9. O-O Bd6 10. b3 O-O 11. Bb2 Re8 12. Rc1 a5 13. dxc5 Nxc5 14. Qe2
a4 15. b4 Ne6 16. Qb5 Qd7 17. Qd3 Bxb4 18. Bxf6 gxf6 19. Ne4 Be7 20. Ng3 b5 21.
Qf5 Ra6 22. Nh5 Nf8 23. Qd3 Ng6 24. Nd4 Rb8 25. Nf5 Rab6 26. e4 b4 27. Qh3 Kh8
28. exd5 b3 29. d6 b2 30. Rb1 Rxd6 31. Nxd6 Qxd6 32. Ng3 a3 33. Nf5 Qe6 34.
Nxe7 Qxe7 35. f4 Qc5+ 36. Kh1 Rc8 37. Qb3 Kg7 38. h3 Qc3 39. Qa4 Rc4 40. Qa8
Rxf4 41. Rfe1 Rf2 42. Rg1 Rc2 43. Rbf1 Rc1 0-1

[Event "SERBIA CHESS OPEN 2021 - MASTERS"]
[Site "Belgrade, Hotel Metropol"]
[Date "2021.07.03"]
[Round "2.31"]
[White "Caspi, Israel"]
[Black "Pastar, Slaven"]
[Result "1-0"]
[WhiteElo "2510"]
[BlackElo "2354"]
[PlyCount "101"]
[EventDate "2021.??.??"]

1. e4 e6 2. d4 d5 3. Nc3 Nf6 4. e5 Nfd7 5. f4 c5 6. Nf3 Nc6 7. Be3 Be7 8. Qd2
O-O 9. dxc5 Qa5 10. O-O-O b6 11. Bb5 Nb4 12. Kb1 bxc5 13. a3 Nb6 14. f5 exf5
15. Qe2 Rb8 16. axb4 Qxb4 17. Na2 Qg4 18. h3 Qg3 19. Qf2 Qxf2 20. Bxf2 h6 21.
b3 Be6 22. Nc3 Rfc8 23. Kb2 g5 24. Ra1 Rc7 25. Ra5 g4 26. hxg4 fxg4 27. Ng1 c4
28. Nge2 Bb4 29. Ra6 Rbc8 30. Bd4 cxb3 31. cxb3 Bc5 32. Rc1 h5 33. g3 Kg7 34.
Bxc5 Rxc5 35. Nd4 R5c7 36. Raa1 Rh8 37. Nce2 Rxc1 38. Kxc1 Nc8 39. Kd2 h4 40.
gxh4 Rxh4 41. Ke3 Rh5 42. Kf4 Ne7 43. Bd3 Rh3 44. Ng3 Rh2 45. Rxa7 Ng6+ 46. Kg5
Nf8 47. Ndf5+ Kh8 48. Ra8 Bxf5 49. Nxf5 Kg8 50. Kf6 Rf2 51. Ke7 1-0

[Event "SERBIA CHESS OPEN 2021 - MASTERS"]
[Site "Belgrade, Hotel Metropol"]
[Date "2021.07.03"]
[Round "2.32"]
[White "Zlatanovic, Boroljub"]
[Black "Budisavljevic, Luka"]
[Result "0-1"]
[WhiteElo "2350"]
[BlackElo "2509"]
[PlyCount "44"]
[EventDate "2021.??.??"]

1. c4 e6 2. g3 d5 3. Bg2 d4 4. d3 c5 5. Nf3 Nc6 6. O-O Bd6 7. e3 Nf6 8. exd4
cxd4 9. a3 a5 10. Bg5 h6 11. Bxf6 Qxf6 12. Nbd2 Qe7 13. Nb3 e5 14. Re1 Be6 15.
c5 Bc7 16. Nxe5 Nxe5 17. f4 a4 18. Nd2 Nxd3 19. Bxb7 Ra7 20. Bc6+ Kf8 21. Re2
Qxc5 22. Bf3 Nxb2 0-1

[Event "SERBIA CHESS OPEN 2021 - MASTERS"]
[Site "Belgrade, Hotel Metropol"]
[Date "2021.07.03"]
[Round "2.33"]
[White "Erenberg, Ariel"]
[Black "Gasimov, Parviz"]
[Result "1-0"]
[WhiteElo "2506"]
[BlackElo "2353"]
[PlyCount "65"]
[EventDate "2021.??.??"]

1. c4 e6 2. Nf3 Nf6 3. g3 d5 4. Bg2 dxc4 5. Qa4+ Nbd7 6. Qxc4 a6 7. Qc2 Be7 8.
O-O O-O 9. d4 Rb8 10. e4 b5 11. Bf4 Bb7 12. Bxc7 Qc8 13. Ne1 Ra8 14. Nd2 Ra7
15. Ba5 Qa8 16. Rd1 Rc8 17. Qb1 b4 18. f3 Bc6 19. Nd3 Rb7 20. Rc1 Ba4 21. Rxc8+
Qxc8 22. Rc1 Qb8 23. b3 Bb5 24. Nxb4 Qa7 25. Qb2 Ne5 26. Kh1 Bxb4 27. Bxb4 Nd3
28. Rc8+ Be8 29. Bc5 Qxc5 30. dxc5 Nxb2 31. e5 Rd7 32. exf6 Kf8 33. Rxe8+ 1-0

[Event "SERBIA CHESS OPEN 2021 - MASTERS"]
[Site "Belgrade, Hotel Metropol"]
[Date "2021.07.03"]
[Round "2.34"]
[White "Karacsonyi, Gellert"]
[Black "Damljanovic, Branko"]
[Result "1-0"]
[WhiteElo "2340"]
[BlackElo "2501"]
[PlyCount "105"]
[EventDate "2021.??.??"]

1. e4 c5 2. Nf3 d6 3. d4 cxd4 4. Nxd4 Nf6 5. Nc3 a6 6. Bc4 e6 7. O-O Be7 8. Bb3
Nc6 9. Kh1 Qc7 10. f4 Na5 11. Qf3 Bd7 12. g4 d5 13. exd5 Nxb3 14. cxb3 O-O 15.
Be3 Nxd5 16. Nxd5 exd5 17. f5 Rad8 18. g5 Bc5 19. f6 g6 20. Rac1 Qd6 21. Nb5
Bxb5 22. Bxc5 Qe5 23. Rce1 Qxg5 24. Bxf8 Rxf8 25. Qf4 Qxf4 26. Rxf4 Rd8 27. h4
h6 28. Kg2 Rd6 29. Kf2 Bd7 30. Re7 g5 31. hxg5 hxg5 32. Rf3 Bg4 33. Rg3 Rxf6+
34. Ke3 Rf4 35. Rxb7 Kg7 36. b4 d4+ 37. Kd2 Kg6 38. Rb6+ Kh5 39. Rg2 Bh3 40.
Rh2 Kg4 41. Rxa6 Kg3 42. Re2 d3 43. Ra3 Bf5 44. b5 Rb4 45. Re3+ Kf4 46. Rb3 Rc4
47. Rexd3 Bxd3 48. Kxd3 Rc8 49. b6 Kf3 50. b7 Rb8 51. a4 g4 52. a5 g3 53. a6
1-0

[Event "SERBIA CHESS OPEN 2021 - MASTERS"]
[Site "Belgrade, Hotel Metropol"]
[Date "2021.07.03"]
[Round "2.35"]
[White "Sturt, Raven"]
[Black "Nestorovic, Dejan"]
[Result "1-0"]
[WhiteElo "2500"]
[BlackElo "2350"]
[PlyCount "129"]
[EventDate "2021.??.??"]

1. d4 Nf6 2. c4 e6 3. Nf3 Bb4+ 4. Bd2 a5 5. a3 Bxd2+ 6. Qxd2 O-O 7. Nc3 d6 8.
e4 Qe7 9. e5 Nfd7 10. Bd3 Rd8 11. O-O-O Nc6 12. Qf4 Nf8 13. h4 d5 14. h5 a4 15.
cxd5 exd5 16. Bb5 Ne6 17. Qh4 Qf8 18. Bxa4 Na5 19. Ne1 b5 20. Bxb5 c5 21. Ba4
cxd4 22. Rxd4 Nxd4 23. Qxd4 h6 24. Bc2 Bf5 25. Nd3 Rac8 26. Rd1 Qe7 27. Nb4
Qg5+ 28. f4 Qxh5 29. Nbxd5 Kh8 30. Qa4 Bxc2 31. Qxc2 Nc4 32. Kb1 Rb8 33. Nb4
Ne3 34. Rxd8+ Rxd8 35. Qe4 Nd1 36. Ncd5 Nf2 37. Qd4 Qh1+ 38. Ka2 Qxg2 39. f5
Qf3 40. e6 fxe6 41. fxe6 Qe2 42. e7 Re8 43. a4 Ng4 44. a5 Qe6 45. Qb6 Qf7 46.
Qd8 Nf6 47. a6 Qg8 48. Qd6 Nxd5 49. Qxd5 Rxe7 50. Qxg8+ Kxg8 51. Nc6 Re8 52. a7
Ra8 53. b4 Kf7 54. b5 Ke6 55. b6 Kd6 56. Na5 Kc5 57. Nc4 Kc6 58. Kb3 Kb7 59.
Kb4 Rd8 60. Kc5 Rc8+ 61. Kb5 Rxc4 62. Kxc4 h5 63. Kd5 h4 64. Kd6 h3 65. a8=Q+
1-0

[Event "SERBIA CHESS OPEN 2021 - MASTERS"]
[Site "Belgrade, Hotel Metropol"]
[Date "2021.07.03"]
[Round "2.36"]
[White "Zhukova, Natalia"]
[Black "Leniart, Arkadiusz"]
[Result "1/2-1/2"]
[WhiteElo "2336"]
[BlackElo "2499"]
[PlyCount "31"]
[EventDate "2021.??.??"]

1. Nf3 Nf6 2. c4 e6 3. Nc3 Bb4 4. Qc2 b6 5. e3 O-O 6. Be2 Bb7 7. O-O d6 8. d4
Bxc3 9. Qxc3 Ne4 10. Qc2 f5 11. b4 a5 12. b5 Nd7 13. Bb2 Qe7 14. Ne1 Ng5 15.
Nd3 Rac8 16. a4 1/2-1/2

[Event "SERBIA CHESS OPEN 2021 - MASTERS"]
[Site "Belgrade, Hotel Metropol"]
[Date "2021.07.03"]
[Round "2.37"]
[White "Csonka, Balazs"]
[Black "Kowalski, Igor"]
[Result "1/2-1/2"]
[WhiteElo "2498"]
[BlackElo "2349"]
[PlyCount "104"]
[EventDate "2021.??.??"]

1. e4 c6 2. d4 d5 3. e5 Bf5 4. Nf3 e6 5. Be2 c5 6. Be3 cxd4 7. Nxd4 Ne7 8. O-O
a6 9. c4 dxc4 10. Nd2 Bd3 11. Nxc4 Bxc4 12. Bxc4 Nbc6 13. Nf3 Qxd1 14. Rfxd1
Ng6 15. Bd3 Ngxe5 16. Nxe5 Nxe5 17. Be4 Nc6 18. Rac1 Rc8 19. g3 Be7 20. Rd3 f5
21. Bg2 O-O 22. Rd7 Bf6 23. Rxb7 Nd4 24. Rxc8 Rxc8 25. Rd7 e5 26. Bb7 Rc2 27.
Bxa6 Rxb2 28. a4 Kf8 29. Kg2 Ra2 30. Rf7+ Kxf7 31. Bc4+ Ke7 32. Bxa2 Kd6 33. a5
Kc5 34. a6 Kb6 35. Bc4 g5 36. f3 Kc6 37. Bd3 h5 38. Bxd4 exd4 39. Bxf5 Be5 40.
Bg6 Kb6 41. Bd3 Bd6 42. h3 Bb8 43. f4 gxf4 44. g4 hxg4 45. hxg4 Kc5 46. Kf3 Kd5
47. g5 Ke6 48. Ke4 Kf7 49. Kd5 f3 50. Kc6 Ba7 51. Kb7 Bc5 52. Kc6 Ba7 1/2-1/2

[Event "SERBIA CHESS OPEN 2021 - MASTERS"]
[Site "Belgrade, Hotel Metropol"]
[Date "2021.07.03"]
[Round "2.38"]
[White "Samadov, Read"]
[Black "Sadikhov, Ulvi"]
[Result "0-1"]
[WhiteElo "2332"]
[BlackElo "2490"]
[PlyCount "60"]
[EventDate "2021.??.??"]

1. d4 g6 2. c4 Bg7 3. g3 c5 4. Nf3 cxd4 5. Nxd4 Nc6 6. Nc2 d6 7. Bg2 h5 8. h4
Nh6 9. Nc3 Ng4 10. Ne3 O-O 11. Nxg4 Bxg4 12. Bd2 Ne5 13. b3 Nd3+ 14. Kf1 Bd4
15. Ne4 f5 16. Bc3 fxe4 17. Bxd4 d5 18. Qc2 Nxf2 19. Rh2 Nh1+ 20. Kg1 Nxg3 21.
Re1 Rc8 22. e3 Qd6 23. Bb2 e5 24. Qd2 Rcd8 25. Bc3 Rf7 26. Bh3 d4 27. Bb4 Qe6
28. Qg2 Rf3 29. Bxg4 hxg4 30. Qd2 Qf6 0-1

[Event "SERBIA CHESS OPEN 2021 - MASTERS"]
[Site "Belgrade, Hotel Metropol"]
[Date "2021.07.03"]
[Round "2.39"]
[White "O`donnell, Conor"]
[Black "Kourkoulos-Arditis, Stamatis"]
[Result "1/2-1/2"]
[WhiteElo "2331"]
[BlackElo "2485"]
[PlyCount "80"]
[EventDate "2021.??.??"]

1. d4 Nf6 2. c4 g6 3. Nc3 Bg7 4. e4 d6 5. Nf3 O-O 6. Be2 e5 7. dxe5 dxe5 8.
Qxd8 Rxd8 9. Bg5 Re8 10. Nd5 Nxd5 11. cxd5 c6 12. Bc4 cxd5 13. Bxd5 Nd7 14. Nd2
Nc5 15. Nc4 Be6 16. Nd6 Reb8 17. Rd1 Bf8 18. Bxe6 Nxe6 19. Bf6 Bg7 20. Bxg7
Kxg7 21. O-O f6 22. Rd5 Kf8 23. Rfd1 Ke7 24. f3 Nd4 25. Nb5 Nxb5 26. Rxb5 b6
27. Rbd5 Rd8 28. Rxd8 Rxd8 29. Rxd8 Kxd8 30. Kf2 Kd7 31. Ke3 Kc6 32. Kd3 Kb5
33. Kc3 a5 34. Kb3 a4+ 35. Kc3 Kc5 36. b4+ axb3 37. axb3 h5 38. h4 f5 39. b4+
Kc6 40. Kc4 b5+ 1/2-1/2

[Event "SERBIA CHESS OPEN 2021 - MASTERS"]
[Site "Belgrade, Hotel Metropol"]
[Date "2021.07.03"]
[Round "2.40"]
[White "Radovanovic, Jovica"]
[Black "Makhnev, Denis"]
[Result "1/2-1/2"]
[WhiteElo "2326"]
[BlackElo "2480"]
[PlyCount "64"]
[EventDate "2021.??.??"]

1. d4 Nf6 2. c4 e6 3. Nf3 d5 4. g3 Bb4+ 5. Bd2 Be7 6. Bg2 O-O 7. O-O c6 8. Qc2
Nbd7 9. Rd1 a5 10. Bf4 h6 11. Ne5 Nh5 12. Bc1 Nhf6 13. Bf4 Nh5 14. Bc1 Nhf6 15.
Bf4 a4 16. Nc3 a3 17. b3 Qa5 18. Nd3 b5 19. b4 Bxb4 20. Nxb4 Qxb4 21. cxb5 cxb5
22. Rab1 Qc4 23. Qb3 Qxb3 24. Rxb3 b4 25. Rxb4 Ba6 26. Bd6 Rfc8 27. Rb3 Rc6 28.
Be7 Bc4 29. Rxa3 Rxa3 30. Bxa3 Ra6 31. Be7 Bxa2 32. Ra1 Bc4 1/2-1/2

[Event "SERBIA CHESS OPEN 2021 - MASTERS"]
[Site "Belgrade, Hotel Metropol"]
[Date "2021.07.03"]
[Round "2.41"]
[White "Yordanov, Lachezar"]
[Black "Nestorovic, Nikola"]
[Result "1-0"]
[WhiteElo "2325"]
[BlackElo "2477"]
[PlyCount "133"]
[EventDate "2021.??.??"]

1. d4 d5 2. c4 c6 3. Nf3 Nf6 4. e3 Bf5 5. Nc3 e6 6. Nh4 Be4 7. f3 Bg6 8. Qb3
Qc7 9. Bd2 Be7 10. Be2 O-O 11. Nxg6 hxg6 12. O-O-O a6 13. c5 Nbd7 14. Na4 e5
15. Kb1 Rfe8 16. Bd3 Rab8 17. Rc1 Nf8 18. Be1 Rbd8 19. Bg3 N8d7 20. Qc3 Bf8 21.
h4 Re6 22. Bh2 Rde8 23. g4 Qd8 24. g5 Nh5 25. Rhf1 exd4 26. exd4 Re3 27. Bg1
R3e6 28. Bh2 Re3 29. Qd2 R3e6 30. f4 Re3 31. Bg1 R3e7 32. Qf2 Qa5 33. Nc3 b6
34. cxb6 Nxb6 35. Qf3 Nc4 36. Bxc4 dxc4 37. d5 cxd5 38. f5 Rd7 39. fxg6 fxg6
40. Rfd1 Red8 41. Qg4 Bc5 42. Rxd5 Rxd5 43. Nxd5 Kh7 44. Nc3 Bxg1 45. Rxg1 Qb4
46. Rc1 a5 47. Rc2 Rf8 48. Qg1 Rf3 49. Qg2 Qf8 50. a3 Qf4 51. Ka2 Rd3 52. Qc6
Qxh4 53. Ne4 Qe1 54. Qxc4 Rd1 55. Nf6+ Nxf6 56. gxf6 Ra1+ 57. Kb3 Qg3+ 58. Rc3
Qb8+ 59. Ka4 Qe8+ 60. Kxa5 Qa8+ 61. Kb4 Qb7+ 62. Qb5 Qe4+ 63. Rc4 Qe1+ 64. Ka4
Qd1+ 65. b3 Qh1 66. Qe8 Re1 67. f7 1-0

[Event "SERBIA CHESS OPEN 2021 - MASTERS"]
[Site "Belgrade, Hotel Metropol"]
[Date "2021.07.03"]
[Round "2.42"]
[White "Nikitenko, Mihail"]
[Black "Volkov, Dmitriy"]
[Result "1/2-1/2"]
[WhiteElo "2472"]
[BlackElo "2343"]
[PlyCount "107"]
[EventDate "2021.??.??"]

1. d4 Nf6 2. g3 g6 3. Bg2 Bg7 4. e4 d6 5. Ne2 O-O 6. O-O e5 7. Nbc3 exd4 8.
Nxd4 Nc6 9. Nxc6 bxc6 10. h3 Rb8 11. Rb1 Re8 12. Re1 Nd7 13. Ne2 Ne5 14. f4 Nc4
15. b3 c5 16. Qd3 Ba6 17. c3 Na3 18. Qxa6 Nxb1 19. Qd3 Nxc3 20. Nxc3 Rb4 21.
Nd5 Rd4 22. Qf1 c6 23. Ne3 Rb4 24. Nc4 d5 25. exd5 Rxe1 26. Qxe1 cxd5 27. Ne3
Rd4 28. Bb2 Rd3 29. Bxg7 Kxg7 30. Bf1 Rd4 31. Qc3 Kg8 32. Qxc5 Rd2 33. Qxa7 d4
34. Nc4 Rd1 35. Nb2 Rb1 36. Nd3 h5 37. Qc5 Qa8 38. Qc2 Ra1 39. Ne5 Qa7 40. Qd3
Rc1 41. b4 Qxa2 42. Qxd4 Qb1 43. Qf2 Rc2 44. Qa7 Qb3 45. Bg2 Ra2 46. Qb8+ Kg7
47. Qb7 h4 48. Qf3 Qxb4 49. gxh4 Qe1+ 50. Kh2 Qxh4 51. Ng4 Qe7 52. Qc3+ f6 53.
Qg3 Qc7 54. Ne3 1/2-1/2

[Event "SERBIA CHESS OPEN 2021 - MASTERS"]
[Site "Belgrade, Hotel Metropol"]
[Date "2021.07.03"]
[Round "2.43"]
[White "Vetokhin, Savva"]
[Black "Arnaudov, G. Petar"]
[Result "0-1"]
[WhiteElo "2324"]
[BlackElo "2471"]
[PlyCount "112"]
[EventDate "2021.??.??"]

1. e4 e5 2. Nf3 Nc6 3. Bb5 a6 4. Ba4 Nf6 5. O-O Be7 6. d3 b5 7. Bb3 d6 8. a3
O-O 9. Nc3 Na5 10. Ba2 Be6 11. Bg5 c5 12. Bxf6 Bxf6 13. Nd5 Nc6 14. c3 g6 15.
Ne1 Bg7 16. Nc2 Kh8 17. Nce3 f5 18. exf5 gxf5 19. f4 exf4 20. Nxf4 Bxa2 21.
Rxa2 Qg5 22. Qh5 Bh6 23. Qxg5 Bxg5 24. Raa1 Ne5 25. Ned5 Rae8 26. Rae1 c4 27.
d4 Nd3 28. Nxd3 cxd3 29. g3 Rxe1 30. Rxe1 d2 31. Rd1 Re8 32. Kf2 Re4 33. Nf4
Bxf4 34. gxf4 Rxf4+ 35. Kg3 Re4 36. Rxd2 Kg7 37. Kf3 Kf6 38. Rd1 Ke6 39. Rg1
Rh4 40. Re1+ Kd5 41. Re2 a5 42. Kg3 Rg4+ 43. Kf3 Rh4 44. Kg3 Re4 45. Rf2 Rg4+
46. Kh3 Ke4 47. Re2+ Kf3 48. Re7 f4 49. Rxh7 Rg8 50. b3 a4 51. Rh6 Kf2 52. Rxd6
f3 53. Rf6 Ke2 54. Re6+ Kf1 55. Re5 f2 56. Rxb5 Rf8 0-1

[Event "SERBIA CHESS OPEN 2021 - MASTERS"]
[Site "Belgrade, Hotel Metropol"]
[Date "2021.07.03"]
[Round "2.45"]
[White "Sylvan, Jacob"]
[Black "Gokerkan, Cem Kaan"]
[Result "0-1"]
[WhiteElo "2322"]
[BlackElo "2470"]
[PlyCount "96"]
[EventDate "2021.??.??"]

1. d4 Nf6 2. c4 e6 3. g3 d5 4. Nf3 Be7 5. Bg2 O-O 6. O-O dxc4 7. Qc2 a6 8. a4
Bd7 9. Qxc4 Bc6 10. Bf4 Bd6 11. Qc1 Nbd7 12. Nc3 Ne4 13. Nxe4 Bxe4 14. Rd1 h6
15. Qe3 Nf6 16. Rac1 Bc6 17. Bxd6 cxd6 18. Qa3 Rc8 19. Nd2 Bxg2 20. Kxg2 Qa5
21. Nb3 Qb6 22. e3 Rc6 23. f3 Nd5 24. Kf2 Rfc8 25. Rxc6 Rxc6 26. Rc1 Qc7 27.
Rxc6 Qxc6 28. Nd2 Qc1 29. Ke2 Qg1 30. e4 Qxh2+ 31. Kd3 Nf6 32. Qxd6 h5 33. Qf4
Qg1 34. a5 Kh7 35. Qh4 Qa1 36. g4 Qxa5 37. g5 Qb5+ 38. Ke3 Nd7 39. Qxh5+ Kg8
40. e5 Qxb2 41. g6 Qc3+ 42. Ke2 Qxd4 43. Qh7+ Kf8 44. Qh8+ Ke7 45. Qxg7 Nxe5
46. gxf7 Qd3+ 47. Ke1 Nxf7 48. Kf2 Qxd2+ 0-1

[Event "SERBIA CHESS OPEN 2021 - MASTERS"]
[Site "Belgrade, Hotel Metropol"]
[Date "2021.07.03"]
[Round "2.46"]
[White "Gharibyan, Mamikon"]
[Black "Abramovic, Bosko"]
[Result "1-0"]
[WhiteElo "2464"]
[BlackElo "2334"]
[PlyCount "73"]
[EventDate "2021.??.??"]

1. d4 Nf6 2. c4 e6 3. Nf3 d5 4. Bg5 Be7 5. Nc3 h6 6. Bxf6 Bxf6 7. e3 c6 8. Bd3
Nd7 9. O-O O-O 10. Rc1 dxc4 11. Bxc4 e5 12. d5 Nb6 13. b3 cxd5 14. Bxd5 Qe7 15.
Qd3 Kh8 16. Be4 Rd8 17. Qb5 Bd7 18. Qa5 Be8 19. Nb5 Bxb5 20. Qxb5 Rd6 21. Rfd1
a6 22. Qa5 Rc8 23. g3 g6 24. Kg2 Rxc1 25. Rxc1 Kg7 26. Qc5 Nd7 27. Qc8 b5 28.
Rc7 Qe6 29. Ra7 Nf8 30. Qb7 Nd7 31. Qc7 Nf8 32. Ra8 Be7 33. Re8 Nd7 34. Bb7 Qf6
35. a4 b4 36. Qc4 a5 37. Qc7 1-0

[Event "SERBIA CHESS OPEN 2021 - MASTERS"]
[Site "Belgrade, Hotel Metropol"]
[Date "2021.07.03"]
[Round "2.47"]
[White "Tisaj, Domen"]
[Black "Muradli, Mahammad"]
[Result "1/2-1/2"]
[WhiteElo "2293"]
[BlackElo "2461"]
[PlyCount "119"]
[EventDate "2021.??.??"]

1. d4 Nf6 2. c4 e6 3. g3 d5 4. Bg2 Be7 5. Nf3 O-O 6. O-O dxc4 7. Qc2 a6 8. a4
c5 9. dxc5 Nc6 10. Nbd2 Bxc5 11. Nxc4 Bd7 12. Nfe5 Rc8 13. Nxd7 Nxd7 14. e3 Qe7
15. Qe2 Bb4 16. Bd2 Bxd2 17. Qxd2 Nc5 18. Qd6 Rfd8 19. Qxe7 Nxe7 20. Nb6 Rb8
21. Rac1 Nd3 22. Rc7 Nc6 23. Nd7 Rbc8 24. Rxb7 Na5 25. Ra7 Nb4 26. Rd1 Kh8 27.
Bf3 g6 28. Kg2 Nc4 29. Rd4 Nc2 30. Rxc4 Rxc4 31. Ne5 Ne1+ 32. Kf1 Nxf3 33.
Nxf7+ Kg8 34. Nxd8 e5 35. e4 Rxe4 36. Kg2 Ne1+ 37. Kf1 Nf3 38. Ne6 Re1+ 39. Kg2
e4 40. Nc5 g5 41. Nxe4 Rxe4 42. Kxf3 Rxa4 43. Rb7 Rc4 44. h3 Rc2 45. b3 Rb2 46.
Rb6 Kg7 47. Kg4 Rxf2 48. Rxa6 Rb2 49. Rb6 Rg2 50. Rb5 h6 51. Re5 Kg6 52. Re6+
Kg7 53. Re3 Kg6 54. Re6+ Kf7 55. Kf3 Rh2 56. Re2 Rxh3 57. Kg2 g4 58. b4 Rh5 59.
Re4 Rg5 60. Rc4 1/2-1/2

[Event "SERBIA CHESS OPEN 2021 - MASTERS"]
[Site "Belgrade, Hotel Metropol"]
[Date "2021.07.03"]
[Round "2.48"]
[White "Diermair, Andreas"]
[Black "Ozenir, Ekin Baris"]
[Result "0-1"]
[WhiteElo "2455"]
[BlackElo "2331"]
[PlyCount "72"]
[EventDate "2021.??.??"]

1. Nf3 Nf6 2. c4 b6 3. g3 Bb7 4. Bg2 g6 5. d4 Bg7 6. O-O O-O 7. d5 e6 8. Nc3
exd5 9. cxd5 Re8 10. Nd4 a6 11. a4 c5 12. Nc2 d6 13. Na3 Nbd7 14. Bf4 Ne5 15.
Qd2 Nh5 16. Bg5 f6 17. Bh6 Bh8 18. e4 Bc8 19. f3 Nf7 20. Be3 f5 21. Kh1 Nf6 22.
Nc4 fxe4 23. fxe4 Ng4 24. Bg1 Nge5 25. Ne3 Bd7 26. Rab1 Qc8 27. b3 Rf8 28. Ne2
b5 29. b4 c4 30. Nc3 Qb7 31. Nc2 Rae8 32. Nd4 Nd3 33. axb5 axb5 34. Ra1 Ra8 35.
Rxa8 Rxa8 36. e5 Nfxe5 0-1

[Event "SERBIA CHESS OPEN 2021 - MASTERS"]
[Site "Belgrade, Hotel Metropol"]
[Date "2021.07.03"]
[Round "2.49"]
[White "Beydullayeva, Govhar"]
[Black "Kilgus, Georg"]
[Result "0-1"]
[WhiteElo "2264"]
[BlackElo "2452"]
[PlyCount "71"]
[EventDate "2021.??.??"]

1. Nf3 Nf6 2. c4 e6 3. g3 d5 4. Bg2 d4 5. O-O c5 6. d3 Nc6 7. e3 h6 8. exd4
cxd4 9. Na3 Bc5 10. Nc2 a5 11. Re1 O-O 12. Bf4 Nd7 13. b3 Re8 14. a3 e5 15. Bd2
Be7 16. b4 Bf6 17. Qe2 e4 18. b5 Ne7 19. dxe4 d3 20. Qxd3 Bxa1 21. Rxa1 Nc5 22.
Qxd8 Rxd8 23. Be3 Nxe4 24. Bb6 Re8 25. Nfd4 f5 26. Ne3 a4 27. Re1 g6 28. Ng4
Kg7 29. Ne5 Ng8 30. Bc7 Ngf6 31. b6 Nc5 32. Nb5 Nfe4 33. f3 Nf6 34. Nd6 Re7 35.
Bd8 Re6 36. Nb5 0-1

[Event "SERBIA CHESS OPEN 2021 - MASTERS"]
[Site "Belgrade, Hotel Metropol"]
[Date "2021.07.03"]
[Round "2.50"]
[White "Boskovic, Drasko"]
[Black "Irizanin, Radoje"]
[Result "1-0"]
[WhiteElo "2451"]
[BlackElo "2330"]
[PlyCount "83"]
[EventDate "2021.??.??"]

1. e4 e6 2. d3 d5 3. Nd2 Nc6 4. Ngf3 Nf6 5. e5 Nd7 6. d4 f6 7. Bb5 fxe5 8. dxe5
Be7 9. c4 O-O 10. Bxc6 bxc6 11. O-O a5 12. Nb3 dxc4 13. Nbd4 Nb6 14. Nxc6 Qe8
15. Nxe7+ Qxe7 16. Nd4 Bb7 17. Qg4 Bd5 18. Bg5 Qf7 19. h4 Kh8 20. Rae1 Na4 21.
f4 c5 22. Nb5 Qf5 23. Qxf5 Rxf5 24. Nc7 Rc8 25. Nxd5 exd5 26. g4 Rxg5 27. fxg5
Nxb2 28. e6 Kg8 29. e7 Re8 30. Re5 g6 31. Rxd5 Rxe7 32. Rxc5 Kg7 33. h5 h6 34.
gxh6+ Kxh6 35. Rf6 Nd3 36. Rxg6+ Kh7 37. Rxc4 Ne5 38. Re4 Nf3+ 39. Kf2 Rxe4 40.
Kxf3 Ra4 41. Ra6 Rxa2 42. Kf4 1-0

[Event "SERBIA CHESS OPEN 2021 - MASTERS"]
[Site "Belgrade, Hotel Metropol"]
[Date "2021.07.03"]
[Round "2.51"]
[White "Stoinev, Metodi"]
[Black "Martin Duque, Jesus"]
[Result "1/2-1/2"]
[WhiteElo "2212"]
[BlackElo "2444"]
[PlyCount "49"]
[EventDate "2021.??.??"]

1. e4 c5 2. Nf3 d6 3. d4 cxd4 4. Qxd4 Nc6 5. Qe3 g6 6. c4 Bg7 7. Be2 Nf6 8. O-O
O-O 9. Nc3 Ng4 10. Qd3 Be6 11. Nd5 Rc8 12. h3 Nge5 13. Nxe5 dxe5 14. Be3 Nd4
15. Rfd1 Re8 16. Bf1 b5 17. b3 bxc4 18. bxc4 Qd7 19. Rac1 Qa4 20. Qc3 Qxa2 21.
Ra1 Ne2+ 22. Bxe2 Qxe2 23. Rd2 Qxc4 24. Qxc4 Rxc4 25. Rxa7 1/2-1/2

[Event "SERBIA CHESS OPEN 2021 - MASTERS"]
[Site "Belgrade, Hotel Metropol"]
[Date "2021.07.03"]
[Round "2.52"]
[White "Schreiner, Peter"]
[Black "Ohanyan, Emin"]
[Result "1/2-1/2"]
[WhiteElo "2441"]
[BlackElo "2324"]
[PlyCount "65"]
[EventDate "2021.??.??"]

1. d4 Nf6 2. Nf3 g6 3. c4 Bg7 4. Nc3 d5 5. cxd5 Nxd5 6. e4 Nxc3 7. bxc3 c5 8.
Be3 Qa5 9. Qd2 cxd4 10. cxd4 Qxd2+ 11. Nxd2 O-O 12. Rc1 e6 13. Nb3 Nc6 14. Bb5
Bd7 15. Na5 Rac8 16. Nxc6 Bxc6 17. Bxc6 Rxc6 18. Rxc6 bxc6 19. Ke2 Rd8 20. Rd1
Kf8 21. e5 Rb8 22. Rc1 Rb6 23. Rc2 Ra6 24. a4 Ke8 25. Ra2 c5 26. dxc5 Bxe5 27.
Kd3 Kd7 28. Kc4 Rc6 29. Rd2+ Kc7 30. h3 a6 31. Bg5 Kb7 32. Rd8 Rc8 33. g3
1/2-1/2

[Event "SERBIA CHESS OPEN 2021 - MASTERS"]
[Site "Belgrade, Hotel Metropol"]
[Date "2021.07.03"]
[Round "2.53"]
[White "Aditya, Mittal"]
[Black "Hasanzade, Toghrul"]
[Result "1/2-1/2"]
[WhiteElo "2438"]
[BlackElo "2323"]
[PlyCount "61"]
[EventDate "2021.??.??"]

1. Nf3 Nf6 2. g3 g6 3. Bg2 Bg7 4. c4 d5 5. O-O O-O 6. d4 dxc4 7. Na3 c3 8. bxc3
c5 9. Rb1 Nc6 10. Qa4 Nd5 11. Qc2 cxd4 12. cxd4 Bg4 13. Bb2 Rc8 14. Qd2 Bf5 15.
Rbc1 Be4 16. Nc4 b5 17. Na3 b4 18. Nc4 Nc3 19. Bxc3 bxc3 20. Qxc3 Nxd4 21. Nxd4
Bxd4 22. Qa5 Bxg2 23. Qxd8 Rfxd8 24. Kxg2 Bf6 25. Rc2 Kg7 26. Rfc1 Rc6 27. Na5
Ra6 28. Nc6 Rd6 29. e4 Re6 30. f3 Bb2 31. Rxb2 1/2-1/2